000 00696nam a2200205 a 4500
001 000021764
005 20200930011435.0
008 100911s1961 mx a r 000 0 spa d
040 _aDO-SdBNP
_bspa
_cBNPHU
041 1 7 _aspa
_heng
_2Código de idioma MARC
082 _annnn
_bE85d
100 1 _aEttinger, Karl E.,
_945224
240 1 0 _aProduction management.
_lEspañol.
245 1 0 _aDirección de la producción /
_cKarl E. Ettinger ; traducción de Enrique Moguel.
260 _aMéxico :
_bHerrero Hnos. Sucs.,
_c1961.
300 _a82, [2] p. :
_bil. ;
_c22 cm.
534 _pTítulo original en inglés:
_tProduction management.
700 1 _aMoguel, Enrique,
_etr.
_945225
049 _aBNGR
999 _c21263
_d21263